|
|
|
|
| LEADER |
00600cam a2200157 7i4500 |
| 001 |
0000043541 |
| 005 |
20120712090000.0 |
| 020 |
|
|
|a 9789834401504
|
| 090 |
0 |
0 |
|a LB2830.3 M4
|
| 245 |
0 |
0 |
|a Code of practice for institutional audit
|c Agensi Kelayakan Malaysia.
|
| 260 |
|
|
|a Selangor:
|b Agensi Kelayakan Malaysia,
|c 2009.
|
| 300 |
|
|
|a xii, 145 p.:
|b ill.;
|c 30 cm.
|
| 650 |
0 |
0 |
|a Universities and colleges --
|x Auditing --
|y Malaysia
|
| 650 |
0 |
0 |
|a Education, Higher --
|x Evaluation --
|y Malaysia
|
| 999 |
|
|
|a 0000025322
|b BOK
|c REFERENCE
|e 2nd Floor, Shah Alam
|
| 999 |
|
|
|a 0000025323
|b BOK
|c REFERENCE
|e 2nd Floor, Shah Alam
|